|
|
|
|
| LEADER |
00000nam a22000007a 4500 |
| 005 |
20130430175325.0 |
| 007 |
cr|||| |||| |
| 008 |
130430e2005 it |||||s|||| 00||0 ita d |
| 020 |
|
|
|a 8884224608
|
| 035 |
|
|
|a 11214
|
| 040 |
|
|
|a vLex
|
| 090 |
|
|
|c 4234
|d 4234
|
| 100 |
1 |
0 |
|a Lamanuzzi, Anna
|
| 245 |
1 |
2 |
|a L’abuso del diritto nei rapporti di godimento su cosa altrui
|c / Anna Lamanuzzi
|h [Recurso electrn̤ico]
|
| 256 |
|
|
|a Servicio en ln̕ea
|
| 260 |
|
|
|a Bari :
|b Cacucci Editore,
|c 2005
|
| 300 |
|
|
|a 1 Recurso electrn̤ico
|
| 506 |
|
|
|d vLex Global
|d vLex Global (Academic Edition, excluding Law Schools)
|d vLex Global (U.S. Academic Edition, Law Schools)
|d vLex Global (U.S. Academic Edition, excluding Law Schools)
|d vLex Global (Academic Edition, Law Schools)
|
| 650 |
0 |
4 |
|a Filosofa̕ del Derecho
|
| 740 |
|
|
|a vLex Libros (Servicio en ln̕ea)
|
| 856 |
|
|
|a Acceso restringido
|u http://www.vlex.com/source/11214
|
| 942 |
|
|
|c BOOK
|